• 首页
  • 本馆介绍
  • 公告通知
  • 最新文献
  • 馆藏检索
  • 电子资源
  • 读者导购
  • 参考咨询
  • 我的图书馆
  • 登录
  • 详细信息显示
  • 放入我的书架
  • 预约/预借图书
  • 作者相关作品
  • 分类相关作品
  • 丛书相关作品
  • 出版社相关作品

书目信息

  • 表格格式
  • 工作单格式
  • 卡片格式
题名:
当代世界史
    
 
作者: 徐天新 编
分册:  
出版信息: 北京   人民出版社  1989.1
页数: 415页
开本: 20cm
丛书名:
单 册:
中图分类: K153
科图分类:
主题词: 世界史:现代史
电子资源:
ISBN: 7-01-000407-2
000 00559nam0 2200205 45
001 0312221749
005 20040509103225.7
010    @a7-01-000407-2@dCNY6.70
100    @a20031222d1989 km y0chiy0120 ea
101    @achi
105    @a z 000yy
200 1  @a当代世界史@e1945-1987@ADang Dai Shi Jie Shi@f徐天新等编@FXu Tian Xin Deng Bian
210    @a北京@c人民出版社@d1989.1
215    @a415页@c照片@d20cm
517    @a1945-1987
606 0  @a世界史:现代史
690    @aK153@v3
701 0  @a徐天新@4编
801    @aCN@bTSTCL@c20031222
905    @dK153@e82
    
    当代世界史:1945-1987/徐天新等编.-北京:人民出版社,1989.1
    415页:照片;20cm
    
    
    ISBN 7-01-000407-2:CNY6.70
    
●
相关链接 在E读中查询图书 在五车中查询图书 在当当中查询图书 在豆瓣中查询图书


正题名:当代世界史     索取号:K153/82         预约/预借

序号 登录号 条形码 馆藏地/架位号 状态 备注
1 0220039   001220789   密集书库/ [索取号:K153/82] 在馆    
2 0220040   202112089   第二样本阅览室/ [索取号:K153/82] 在馆    
唐山师范学院图书馆 欢迎您!
大连网信软件有限公司© 版权所有